Lataa...
ICAR HRM Policy : Training and capacity building
| Aineistotyyppi: | Report |
|---|---|
| Julkaistu: |
New Delhi
Indian council of agricultural research
|
| LEADER | 00422nam a22001337a 4500 | ||
|---|---|---|---|
| 003 | OSt | ||
| 082 | |a ICAR | ||
| 245 | |a ICAR HRM Policy : Training and capacity building | ||
| 260 | |a New Delhi |b Indian council of agricultural research | ||
| 300 | |a 50 p | ||
| 546 | |a English | ||
| 942 | |2 ddc |c REP | ||
| 999 | |c 160804 |d 160804 | ||
| 952 | |0 0 |1 0 |2 ddc |4 0 |6 ICAR |7 0 |9 159536 |a KAUCLV |b KAUCLV |c REPORTS |d 2018-06-06 |o ICAR |p 809443 |r 2018-06-06 |w 2018-06-06 |y REP | ||